Catalog

Record Details

Catalog Search



Available copies

  • 1 of 1 copy available at LARL/NWRL Consortium.
  • 1 of 1 copy available at Lake Agassiz Regional Library. (Show preferred library)

Current holds

0 current holds with 1 total copy.

Show All Copies
Location Call Number / Copy Notes Barcode Shelving Location Status Due Date
Moorhead Public Library M DAM (Text) 33500012736021 Main Available -

Record details

  • ISBN: 9780727887641
  • ISBN: 0727887645
  • Physical Description: 217 pages ; 23 cm.
  • Edition: First world edition.
  • Publisher: London : Severn House, 2018.

Content descriptions

Summary, etc.:
"When Dorothy Martin and her husband Alan meet the ... Read More
Subject: Martin, Dorothy (Fictitious character) > Fiction.
Great Britain. MI5 > Fiction.
Women private investigators > England > Fiction.
Missing persons > Investigation > England > Fiction.
Iraqis > England > Fiction.
Terrorism > Fiction.
Families > Fiction.
Genre: Detective and mystery fiction.
LDR 02426cam a2200457Ki 4500
001285686
003LARL_NWRL_CONSORTIUM
00520180626163600.0
008180105s2018 enk 000 f eng d
040 . ‡aKYC ‡beng ‡erda ‡cKYC ‡dYDX ‡dBDX ‡dNZAUC ‡dJBU ‡dTE7 ‡dRNL ‡dOJ4 ‡dFM0 ‡dSO$ ‡dJQM
019 . ‡a1008876114 ‡a1031559096
020 . ‡a9780727887641 ‡q(hardcover)
020 . ‡a0727887645 ‡q(hardcover)
035 . ‡a(OCoLC)1029575066 ‡z(OCoLC)1008876114 ‡z(OCoLC)1031559096
037 . ‡bSevern House Pub Ltd, C/O Ingram Pub Services Attn: Benton Tatum 1 Ingram Blvd, LA Vergne, TN, USA, 37086 ‡nSAN 631-9467
082 4. ‡a813
1001 . ‡aDams, Jeanne M., ‡eauthor. ‡0(LARL_NWRL_CONSORTIUM)117817
24510. ‡aCrisis at the cathedral. ‡n#20 / ‡cJeanne M. Dams.
250 . ‡aFirst world edition.
264 1. ‡aLondon : ‡bSevern House, ‡c2018.
300 . ‡a217 pages ; ‡c23 cm.
336 . ‡atext ‡btxt ‡2rdacontent
337 . ‡aunmediated ‡bn ‡2rdamedia
338 . ‡avolume ‡bnc ‡2rdacarrier
4900 . ‡aDorothy Martin ; ‡v20
520 . ‡a"When Dorothy Martin and her husband Alan meet the wealthy Ahmad family, they are charmed by their courtesy, their perfect English, their delightful children and their commitment to peace. Following a concert at Sherebury Cathedral, the Ahmads offer to host a party afterwards at the Rose and Crown pub. But Mr and Mrs Ahmad don't show up. Their children are asleep upstairs at the inn, but the parents are nowhere to be found . . . With suspicions of kidnap and even murder being raised, Dorothy and Alan feel compelled to assist the police and MI5 in their efforts to find their new friends, a search that will take them to London and the murky world of big business, politics and even terrorism."--Provided by publisher.
650 0. ‡aMartin, Dorothy (Fictitious character) ‡vFiction.
61010. ‡aGreat Britain. ‡bMI5 ‡vFiction.
650 0. ‡aWomen private investigators ‡zEngland ‡vFiction. ‡0(LARL_NWRL_CONSORTIUM)168006
650 0. ‡aMissing persons ‡xInvestigation ‡zEngland ‡vFiction.
650 0. ‡aIraqis ‡zEngland ‡vFiction.
650 0. ‡aTerrorism ‡vFiction. ‡0(LARL_NWRL_CONSORTIUM)167662
650 0. ‡aFamilies ‡vFiction. ‡0(LARL_NWRL_CONSORTIUM)164942
655 7. ‡aDetective and mystery fiction. ‡2lcgft
905 . ‡uvanderl
901 . ‡a285686 ‡b ‡c285686 ‡tbiblio ‡soclc

Additional Resources